000 00459nam a2200169Ia 4500
003 GCL
008 140319s9999 xx 000 0 ara d
040 _aGCL /
_cGCL
082 0 4 _a618.24
_bم ع
245 1 0 _aعلى عتبة الامومة او طفلك بين الحمل والولادة
300 _a384 ص
490 _aكتاب
_v0
650 0 4 _aالامومة
650 0 4 _aالولادة
650 0 4 _aالاطفال - رعاية
942 _2ddc
_cBK
999 _c43011
_d43011